Normal view
MARC view
- Holmes E. Dawn
Entry Personal Name
001 - CONTROL NUMBER
- control field: 82546
003 - CONTROL NUMBER IDENTIFIER
- control field: NUST
005 - DATE AND TIME OF LATEST TRANSACTION
- control field: 20210920164109.0
008 - FIXED-LENGTH DATA ELEMENTS
- fixed length control field: 210920|| aca||aabn | a|a d
040 ## - CATALOGING SOURCE
- Original cataloging agency: NUST
- Transcribing agency: NUST
100 ## - HEADING--PERSONAL NAME
- Personal name: Holmes E. Dawn
670 ## - SOURCE DATA FOUND
- Source citation: Work cat.: (NUST)31932: Holmes E. Dawn, Innovations in Bayesian Networks :, c2008.
